Normal view
MARC view
Entry Corporate Name
001 - CONTROL NUMBER
- control field: 50785
003 - CONTROL NUMBER IDENTIFIER
- control field: dpl
005 - DATE AND TIME OF LATEST TRANSACTION
- control field: 20120806120112.0
008 - FIXED-LENGTH DATA ELEMENTS
- fixed length control field: 120806|||a|||||| | ||| d
040 ## - CATALOGING SOURCE
- Original cataloging agency: dpl
- Transcribing agency: dpl
110 ## - HEADING--CORPORATE NAME
- Corporate name or jurisdiction name as entry element: Mahila College, Chaibasa.
670 ## - SOURCE DATA FOUND
- Source citation: Work cat.: (dpl)0: Tribal movements in Jharkhand, 1857-2007 /, 2010.
670 ## - SOURCE DATA FOUND
- Source citation: Work cat.: (dpl)0: Tribal movements in Jharkhand, 1857-2007 /, 2010.
